ბათუმის შოთა რუსთაველის სახელმწიფო უნივერსიტეტის ბიბლიოთეკა

The Routledge handbook of visual impairment / (ბიბ.ჩანაწერი № 57876)

000 -LEADER
fixed length control field 00802cam a2200205 i 4500
001 - CONTROL NUMBER
control field 20727531
005 - DATE AND TIME OF LATEST TRANSACTION
control field 20221105204751.0
008 - FIXED-LENGTH DATA ELEMENTS--GENERAL INFORMATION
fixed length control field 181031s2019 enka b 001 0 eng
020 ## - INTERNATIONAL STANDARD BOOK NUMBER
International Standard Book Number 9781138085411 (hardback) 1
080 ## - UNIVERSAL DECIMAL CLASSIFICATION NUMBER
Universal Decimal Classification number 617.7 T- 44
245 14 - TITLE STATEMENT
Title The Routledge handbook of visual impairment /
Statement of responsibility, etc. edited by John Ravenscroft.
264 #1 - PRODUCTION, PUBLICATION, DISTRIBUTION, MANUFACTURE, AND COPYRIGHT NOTICE
Place of production, publication, distribution, manufacture London :
Name of producer, publisher, distributor, manufacturer Routledge, Taylor & Francis Group,
Date of production, publication, distribution, manufacture, or copyright notice 2019.
300 ## - PHYSICAL DESCRIPTION
Extent 472 pages :
Other physical details illustrations ;
Dimensions 26 cm.
650 #0 - SUBJECT ADDED ENTRY--TOPICAL TERM
Topical term or geographic name entry element Vision disorders.
9 (RLIN) 10662
650 #0 - SUBJECT ADDED ENTRY--TOPICAL TERM
Topical term or geographic name entry element Vision disorders
Form subdivision Case studies.
9 (RLIN) 10663
653 ## - INDEX TERM--UNCONTROLLED
keyword მხედველობის დაქვეითების სახელმძღვანელო
653 ## - INDEX TERM--UNCONTROLLED
keyword მედიცინა
700 ## - ADDED ENTRY--PERSONAL NAME
Personal name Ravenscroft, John
Relator term რედაქტორი
9 (RLIN) 10664
942 ## - ADDED ENTRY ELEMENTS (KOHA)
Source of classification or shelving scheme
Koha item type წიგნი
ეგზემპლარები
Withdrawn status Lost status Source of classification or shelving scheme Damaged status Not for loan Permanent Location Current Location Shelving location Date acquired Cost, normal purchase price Full call number Barcode Date last seen Copy number Price effective from Koha item type Public note
          ბათუმის შოთა რუსთაველის სახელმწიფო უნივერსიტეტის მთავარი ბიბლიოთეკა ბათუმის შოთა რუსთაველის სახელმწიფო უნივერსიტეტის მთავარი ბიბლიოთეკა წიგნსაცავი 2021-03-23 584.00 617.7 T- 44 61258 2021-03-23 61258 2021-03-23 წიგნი 584 ლ.